Serien erraten mit Bildern - Teil 4 - Statistiken

Allgemein
  • Dieses Quiz wurde 407 mal gespielt
  • Das Durchschnittsergebnis liegt bei 4 aus 16
Antwortstatistiken
Bildquiz Antwort % Korrekt
Monk
87%
Die Nanny
64%
Golden Girls
59%
Ghost Whisperer
36%
Roseanne
25%
Cold Case
18%
Smallville
17%
And Just Like That
13%
Dr. Quinn - Ärztin aus Leidenschaft
12%
Six Feet Under
10%
Scandal
8%
Torchwood
7%
Medium
6%
Las Vegas
3%
4400 - Die Rückkehrer
2%
Taken - Entführt
2%
Keine übereinstimmenden Quizze gefunden
Verteilung der Resultate
Anzahl Personen mit jedem Resultat
Perzentil nach korrekt beantworteten Fragen
Ihre Resultats-Entwicklung
Sie haben dieses Quiz noch nicht gespielt